=LDR 00000nam 2200000 4500 =001 INLIS000000000024459 =005 20200709094424 =035 ##$$a 0010-061300000024459 =008 200709################g##########0#ind## =041 ##$$a Ind =082 ##$$a 2X6.2 =090 ##$$a 2X6.2, Mub s =100 1#$$a Mubarak, Muhammad =245 1#$$a Sistem pemerintahan presfektif islam, Muhammad Mubarak /$c Prof. Muhammad Mubarak; penerjemah, Firman Hariyanto =260 ##$$a Jakarta :$b Pustaka Mantiq,$c 1995 =300 ##$$a 156 hlm, 21 cm ; $c 13 x 21 cm =650 #4$$a Islam dan politik =850 ##$$a NBPNMAT =084 ##$$a 2X6.2 MUB s =250 ##$$a cet.1 =990 ##$$a 00043331 =990 ##$$a 111.447/Pro.97